000 00618nam a2200181 a 4500
001 000029644
005 20200930055711.0
008 110415s1996 dr 000 0 spa d
040 _aDO-SdBNP
_bspa
_cBNPHU
082 _axxx
_bC3978a
110 2 _aCentro Nacional de Investigaciones en Salud Materno Infantil
_955757
245 1 0 _aLa investigación en salud en la República Dominicana /
_ceditor Marcos Espinal.
260 _aSanto Domingo :
_bCENISMI,
_c1996.
300 _avi, 26 p. ;
_c28 cm.
490 1 _aReuniones técnicas
_v2
700 1 _aEspinal, Marcos
_eed
_955763
830 0 _aReuniones técnicas
_v2
_955759
999 _c29136
_d29136